| 000 | 00660nam a2200193 4500 | ||
|---|---|---|---|
| 008 | 160816b xxu||||| |||| 00| 0 eng d | ||
| 020 | _a9780073404967 | ||
| 082 |
_22008 _aDC 658.3 _bK62 |
||
| 100 |
_912915 _aKinicki, Angelo |
||
| 245 |
_aOrganizational behavior: _bkey concepts, skills & best practices/ _cAngelo Kinicki and Robert Kreitner. |
||
| 250 | _a3rd edition | ||
| 260 |
_aBoston: _bMcGraw-Hill, _cc2008. |
||
| 300 |
_axxvii, 479 pages: _billustrations; _c25 cm. |
||
| 500 | _aIncludes glossary and index. | ||
| 650 | 0 |
_912916 _aOrganizational behavior |
|
| 700 |
_912917 _aKreitner, Robert _eAuthor |
||
| 365 |
_aPhp _b3850.00 |
||
| 942 |
_2ddc _cDC |
||
| 999 |
_c3877 _d3877 |
||